000 00451pab a2200145 454500
008 180718b1988 xxu||||| |||| 00| 0 eng d
100 _aMcCulloch, Arthur
245 _aOrganisational theory and administrative change
_bThe case of regionalisation in youth and community services
260 _c1988
300 _a137-46
362 _aJun.
650 _aOrganisational Change
773 _aAustralian Journal of Public Administration
909 _a14648
999 _c14648
_d14648